Responses for Show #7790 - Friday, June 22, 2018

Clip of this game shown in the 2019-04-04 episode of Better Things.

Contestants

[<< previous game]

Amanda Graver, a researcher from Columbus, Ohio

Jordan Nussbaum, a lawyer from Thornhill, Ontario, Canada

Ali Hasan, a secondary school teacher from New Westminster, British Columbia, Canada (whose 3-day cash winnings total $67,801)

[next game >>]

Jeopardy! Round responses

ROCKS & MINERALS
A LANDMARK DESIGNATION
SURNAMES
"H" TO "H"
OFFICE SUPPLIES
UH OH, TALKIN' MORE FOOTBALL
    $200 26
turquoise

Ali
    $200 6
the Washington Monument

Jordan
    $200 11
Lopez

Jordan
    $200 16
the hearth

Jordan
    $200 21
a pencil sharpener

Jordan
    $200 1
a center

Ali
    $400 27
flint

Jordan
    $400 7
the Little Mermaid

Ali
    $400 12
Kelly

Amanda
    $400 17
hitch

Ali
    $400 22
hello, my name is

Ali
    $400 2
the facemask

Jordan
    $600 28
emery

Ali
    $600 8
Big Ben

Jordan
    $600 13
Johnson

Ali
    $600 18
his hutch

Amanda
    $600 23
staplers

Ali
    $600 3
eligible

Jordan
    $800 29
gold (or yellow)

Ali
    $800 9
the Hollywood sign

Ali
    $800 14
[A clip of this clue was seen in the 2019-04-04 episode of Better Things.]

Schwarz

Ali
    $800 19
hogwash

Ali
    $800 24
Elmer's

Amanda
    $800 4
(Ali: What is... half? Half a field.)

the end zone

AliJordan
    $1000 30
(Jordan: What is asbestos?)

slate

JordanAmanda
    $1000 10
the Ponte Vecchio

Ali
    $1,000 15
(Alex: Ali?)
(Ali: What is Loyola?)
(Alex: No, the saint is Thomas Aquinas.)
[Alex does not go on to state the correct response.]

Aquino

Ali
    $1000 20
(Ali: What is a hagiograph?)

a holograph

Ali
Triple Stumper
    $1000 25
Bankers Box

Triple Stumper
    $1000 5
a muff

Triple Stumper

Scores at the first commercial break (after clue 15):

Ali Jordan Amanda
$2,000 $2,800 $400

Scores at the end of the Jeopardy! Round:

Ali Jordan Amanda
$4,800 $2,600 $2,800

Double Jeopardy! Round responses

LET'S TAKE A CLASS AT HARVARD
MEMBERS OF THE HIP-HOP GROUP
U.S. CITIES
POETS & POETRY
VERY SMALL TALK
THE REAL GAME OF THRONES
    $400 17
Exodus

Jordan
    $400 2
NWA

Ali
    $400 7
San Francisco

Amanda
    $400 26
(Robert) Frost

Ali
    $400 12
microscopic

Jordan
    $400 1
York and Lancaster

Ali
    $800 18
Harlem

Amanda
    $800 3
the Wu-Tang Clan

Ali
    $800 8
Boulder

Ali
    $800 27
(Emily) Dickinson

Amanda
    $800 22
petite

Jordan
    $800 13
Richard III

Jordan
    $1200 19
dermatology

Amanda
    $1200 4
Outkast

Jordan
    $1200 9
(Jordan: What is Akron?)

Canton

JordanAmanda
    $1200 28
(Amanda: What is "Annabel Lee"?)
(Jordan: What is "The Tell-Tale Heart"?)

"The Bells"

JordanAmanda
Triple Stumper
    $1200 23
a miniature

Ali
    $3,800 14
France

Jordan
    $1600 20
mergers and acquisitions

Jordan
    $1600 5
The Fat Boys

Ali
    $1600 10
Eugene

Ali
    $1600 29
(Ali: Who is Dylan Thomas?)

(Robert) Burns

AliAmanda
    $1600 24
Tiny

Jordan
    $1600 15
the English Channel

Triple Stumper
    $2000 21
(Jordan: What is federalism?)

constitutional

JordanAmanda
    $2000 6
Goodie Mob

Triple Stumper
    $600 11
(Ali: What is Butte?)

Great Falls

Ali
    $2000 30
(Ali: Who is Omar Khayyam?)

T.S. Eliot

Ali
Triple Stumper
    $2000 25
trace

Amanda
    $2000 16
Henry VII

Triple Stumper

Scores at the end of the Double Jeopardy! Round:

Ali Jordan Amanda
$7,800 $8,800 $11,600

[wagering suggestions for these scores]

Final Jeopardy! Round responses

MEDICINE & THE MOVIES
(Alex: [To Ali] The film that starred Jimmy Stewart, yes.)
AliWhat is Vertigo?
$3,801
JordanWhat is Vertigo?
$7,000
AmandaWhat is Suspiria?
$6,001
Vertigo

Final scores:

Ali Jordan Amanda
$11,601 $15,800 $5,599
2nd place: $2,000 New champion: $15,800 3rd place: $1,000

Game dynamics:

Coryat scores:

Ali Jordan Amanda
$9,400 $6,200 $11,600
21 R,
6 W
(including 2 DDs)
17 R
(including 1 DD),
4 W
12 R,
1 W

Combined Coryat: $27,200

[game clues] [game scores] [suggest correction]

Game tape date: 2018-02-20
The J! Archive is created by fans, for fans. Scraping, republication, monetization, and malicious use prohibited; this site may use cookies and collect identifying information. See terms. The Jeopardy! game show and all elements thereof, including but not limited to copyright and trademark thereto, are the property of Jeopardy Productions, Inc. and are protected under law. This website is not affiliated with, sponsored by, or operated by Jeopardy Productions, Inc. Join the discussion at JBoard.tv.